Представление документа в формате RUSMARC

ПолеНазваниеЗначение
  Тип записи a
  Библиографический уровень m
001 Контрольный номер 940fc2e6af52409faf32b429480d0e86
005 Дата корректировки 20250922123037.3
010 Индекс ISBN __
a ISBN 978-5-00198-423-8
b Уточнения в пер.
100 Данные общей обработки __
a Данные общей обработки 20250721d 0rusy0189## ca
101 Язык документа 0_
a Язык текста rus
102 Страна публикации __
a Страна публикации RU
200 Заглавие и сведения об ответственности 1_
a Заглавие Тайна доктора Каррабелиуса
f Первые сведения об ответственности Михаил Лоскутов
e Сведения, относящиеся к заглавию рассказы
e Сведения, относящиеся к заглавию [для младшего школьного возраста]
g Последующие сведения об ответственности худож.: А. М. Елисеев
210 Выходные данные 1_
a Место издания Москва
c Издательство ЭНАС-КНИГА
d Дата издания 2024
215 Физическое описание __
a Объем 45, [3] с.
c Иллюстрации/тип воспроизводства цв. ил.
225 Серия 2_
a Серия Если веришь в чудеса...
300 Общие примечания __
a Общие примечания Содерж.: Волшебная палочка ; Рассказ о говорящей собаке
333 Примечание о целевом назначении __
a Примечание о целевом назначении 6+
606 Тематические рубрики 0_
a Основная рубрика Русская детская литература, 20 в.
610 Ключевые слова 0_
a Ключевые слова рассказы советских писателей; волшебники (х. л.); фокусники (х. л.); артисты цирка (х. л.); волшебные палочки (х. л.); говорящие собаки (х. л.); чудеса (х. л.); цирк (х. л.); мальчишки (х. л.); приключения друзей (х. л.); невероятные события (х. л.)
686 Индексы других классификаций __
a Классификационный индекс Р2
700 Автор _1
a Фамилия Лоскутов
b Имя (инициалы) М. П.
g Полное личное имя Михаил Петрович
801 Источник записи _0
a Страна RU
b Организация УОБДЮ
c Дата составления 20250721
g Правила каталогизации RCR
801 Источник записи _1
a Страна RU
b Организация УОБДЮ
c Дата составления 20250721
g Правила каталогизации RCR
830 Общее примечание каталогизатора __
a Текст примечания Д
852 Данные о местонахождении __
i Авторский знак Л 79
j Шифр хранения Р2
900 Электронные ресурсы __
a Имя электронного ресурса 591506
901 Тип документа __
t Тип документа m
902 Оглавление книги __
a Оглавление книги, выполненное каталогизатором Волшебная палочка
a Оглавление книги, выполненное каталогизатором Рассказ о говорящей собаке
905 Данные по созданию БЗ __
b Логин пользователя, который создал БЗ imm
b Логин пользователя, который создал БЗ o8
a Дата создания БЗ 202510
909 Создатель записи __
b Дата создания записи 20250721